Pintors i poetes davant el paisatge de Mallorca / (Record no. 49276)

MARC details
000 -LEADER
campo de control de longitud fija 00450nam a2200157 i 4500
001 - NÚMERO DE CONTROL
campo de control 49276
003 - IDENTIFICADOR DE NÚMERO DE CONTROL
campo de control ES-MaACL
005 - FECHA Y HORA DE LA ÚLTIMA TRANSACCIÓN
campo de control 20230906161922.0
007 - CAMPO FIJO DE DESCRIPCIÓN FÍSICA--INFORMACIÓN GENERAL
campo de control de longitud fija t|
008 - DATOS DE LONGITUD FIJA--INFORMACIÓN GENERAL
campo de control de longitud fija 030711s1966 sp ||||1| cat d
100 1# - ENTRADA PRINCIPAL--NOMBRE DE PERSONA
Nombre de persona Cortés, Gabriel.
9 (RLIN) 40850
245 10 - MENCIÓN DEL TÍTULO
Título Pintors i poetes davant el paisatge de Mallorca /
Mención de responsabilidad, etc. Gabrial Cortés.
260 ## - PUBLICACIÓN, DISTRIBUCIÓN, ETC.
Lugar de publicación, distribución, etc. Mallorca :
Nombre del editor, distribuidor, etc. [s.n.],
Fecha de publicación, distribución, etc. 1966 (
Fabricante Miramar)
300 ## - DESCRIPCIÓN FÍSICA
Extensión 38 p. ;
Dimensiones 19 cm.
852 ## - LOCALIZACIÓN
Ubicación ES-MaACL
Número de control de estantería C-31338
Sublocalización o colección R.61930
Holdings
Estatus retirado Estado de pérdida Estado de daño No para préstamo Biblioteca de origen Biblioteca actual Ubicación en estantería Fecha de adquisición Fuente de adquisición Total de préstamos Signatura topográfica completa Código de barras Visto por última vez Precio de reemplazo Tipo de ítem Koha
        Biblioteca del Ateneo de Madrid Biblioteca del Ateneo de Madrid Depósito 2 17/01/2008     C-31338 1051854 23/02/2023 23/02/2023 Libro impreso